| 000 | 00807nam a2200217 u 4500 | ||
|---|---|---|---|
| 005 | 20260415064146.0 | ||
| 008 | 090825s2002 es r 000 0 spa d | ||
| 020 | _a8485840100 | ||
| 035 | _aUPN01000172050 | ||
| 049 | _aCG | ||
| 050 | 4 |
_aLB1647 E5 _bE5.7 2002 |
|
| 245 | 0 | 3 |
_aLa enseñanza de las ciencias en la educación secundaria : _b(planteamientos didácticos generales y ejemplos de aplicación en las ciencias físico-químicas) / _cDaniel Gil ... [et al.]. |
| 250 | _a2a ed. | ||
| 260 |
_aBarcelona, Esp. : _bICE : _bHorsori, _c2002. |
||
| 300 | _a232 p. | ||
| 440 | 0 |
_aCuadernos de educación ; _v5 |
|
| 650 | 4 |
_aCIENCIA - _xESTUDIO Y ENSEÑANZA (SECUNDARIA) - _zESPAÑA _913293 |
|
| 650 | 4 |
_aMaestros _xFormación profesional _zEspaña _9783 |
|
| 700 | 1 |
_aGil, Daniel, _bcoaut. |
|
| 905 | _aLibro | ||
| 999 |
_c144154 _d144154 |
||